Jacob Jordaens : (19.5.1593 Antverpy - 18.10.1678 Antverpy) /

Hlavní autor: Jordaens, Jacob, 1593-1678
Další autoři: Assmann, Jan Nepomuk, 1956-2013
Jazyk: Čeština
Vydáno: Praha : Bohemia Comerz, [2018]
Vydání: Vydání první
Témata:
Fyzický popis: 32 stran : ilustrace (převážně barevné), portréty ; 23 cm
Knihy
Uloženo v:
LEADER 01973nam a2200553 i 4500
001 nkc20182981527
003 CZ PrNK
005 20181105104250.0
007 ta
008 180226s2018 xr ac e 000 0dcze
015 |a cnb002981527 
020 |a 978-80-270-3643-1  |q (v knize neuvedeno ;  |q brožováno) 
035 |a (OCoLC)1031045363 
040 |a ABA001  |b cze  |e rda 
043 |a e-be--- 
045 |a u-u- 
072 7 |a 75  |x Malířství  |2 Konspekt  |9 21 
080 |a 75(493)  |2 MRF 
080 |a 75.034.7  |2 MRF 
080 |a (493)  |2 MRF 
080 |a (041)  |2 MRF 
080 |a (084.11)  |2 MRF 
100 1 |a Jordaens, Jacob,  |d 1593-1678  |7 ola2002161338  |4 art 
245 1 0 |a Jacob Jordaens :  |b (19.5.1593 Antverpy - 18.10.1678 Antverpy) /  |c Jan Nepomuk Assmann 
250 |a Vydání první 
264 1 |a Praha :  |b Bohemia Comerz,  |c [2018] 
300 |a 32 stran :  |b ilustrace (převážně barevné), portréty ;  |c 23 cm 
336 |a text  |b txt  |2 rdacontent 
336 |a statický obraz  |b sti  |2 rdacontent 
337 |a bez média  |b n  |2 rdamedia 
338 |a svazek  |b nc  |2 rdacarrier 
600 1 7 |a Jordaens, Jacob,  |d 1593-1678  |7 ola2002161338  |2 czenas 
648 7 |a 17. století  |7 ch460555  |2 czenas 
650 0 7 |a vlámské malířství  |7 ph116591  |y 17. století  |2 czenas 
650 0 7 |a barokní malířství  |7 ph118762  |z Belgie  |2 czenas 
650 0 9 |a Flemish painting  |y 17th century  |2 eczenas 
650 0 9 |a baroque painting  |z Belgium  |2 eczenas 
651 7 |a Vlámsko (Belgie)  |7 ge462395  |2 czenas 
651 9 |a Flanders (Belgium)  |2 eczenas 
655 7 |a brožury  |7 fd131925  |2 czenas 
655 7 |a obrazové publikace  |7 fd132947  |2 czenas 
655 9 |a brochures  |2 eczenas 
655 9 |a pictorial works  |2 eczenas 
700 1 |a Assmann, Jan Nepomuk,  |d 1956-2013  |7 jn20000400038  |4 aut 
910 2 |a BOA001  |b 2-1416.529 
990 |a BK 
995 |a 01 
991 |b 201811  |c NOV 
996 6 |b 2610759504  |c 2-1416.529  |l MZK  |r Sklad / do 1 hodiny  |n 0  |p p.v.  |w 001693063  |u 000010  |a 1  |e BOA001  |j MZK50  |s P